Statistics for America's Least-Educated Cities Quiz

Click here to take the quiz!

General Stats

  • This quiz has been taken 5,239 times
  • The average score is 6 of 20

Answer Stats

% City % Correct
21.5Las Vegas
76%
12.2Detroit
75%
22.4Miami
67%
13.8Cleveland
48%
23.1Memphis
46%
22.6Philadelphia
40%
23.9San Antonio
38%
21.9El Paso
34%
22.5Buffalo
30%
21.3Milwaukee
28%
12.5Newark
22%
20.1Fresno
17%
17.3Toledo
14%
19.8Bakersfield
12%
17.1Stockton
8%
21.2Corpus Christi
7%
21.9Riverside
6%
23.4Anaheim
5%
23.5Mesa
5%
11.7Santa Ana
3%

Score Distribution

Percentile by Number Answered

Percent of People with Each Score

Your Score History

You have not taken this quiz